000 00927nam a2200265Ia 4500
999 _c56490
_d56490
001 23603
003 GE_BSU
005 20221114121055.0
008 181216s2012|||| |||||||||||||| ||eng||
020 _a9780135093573x
040 _cGE_BSU
041 _aeng
080 _a747.09 H-24
100 _aHarwood, Buie.
_94588
245 _aArchitecture and Interior Design: An Integrated History to the Present /
_cBuie Harwood ; May, Bridge ; Sherman,Curt ; editorial Director : by R. Anthony Vernon.
260 _aBoston :
_bPrentice Hall,
_c2012.
300 _a882 p.:
_b ill ;
_c28 cm.
653 _aArchitecture and Interior Design: An Integrated History to the Present
653 _aАрхитектура
653 _aარქიტექტურა
700 _a Bridget, May
_94589
700 _aCurt, Sherman
_94590
700 _aVernon R. Anthony
_eრედაქტორი
_94591
942 _cBK
_2udc